<?xml version="1.0" encoding="UTF-8"?>
<record
    xmlns:xsi="http://www.w3.org/2001/XMLSchema-instance"
    xsi:schemaLocation="http://www.loc.gov/MARC21/slim http://www.loc.gov/standards/marcxml/schema/MARC21slim.xsd"
    xmlns="http://www.loc.gov/MARC21/slim">

  <leader>00422    a2200109   4500</leader>
  <controlfield tag="001">ART_42575</controlfield>
  <controlfield tag="005">20260410161943.0</controlfield>
  <controlfield tag="008">260409a                                 </controlfield>
  <datafield tag="245" ind1="1" ind2="0">
    <subfield code="a">Notas pr&#xE1;cticas sobre el denominado per&#xED;odo de reserva del puesto de trabajo contemplado en el art&#xED;culo 211 de la ley de contrato de trabajo</subfield>
  </datafield>
  <datafield tag="100" ind1="1" ind2=" ">
    <subfield code="a">Tula, Diego J.</subfield>
  </datafield>
  <datafield tag="773" ind1="0" ind2=" ">
    <subfield code="t">Temas de derecho laboral</subfield>
    <subfield code="g">- N&#xBA; 7 (jul. 2017)</subfield>
    <subfield code="w">REV27619</subfield>
  </datafield>
  <datafield tag="999" ind1=" " ind2=" ">
    <subfield code="c">29651</subfield>
    <subfield code="d">29651</subfield>
  </datafield>
</record>
